000 00630nam a2200181 4500
001 110925
003 ES-MaACL
005 20230906185214.0
007 t|
008 061121s1960 sp r ||||1| spa d
100 1 _aNack, Emil.
_984785
245 1 0 _aRoma
_b: el país y el pueblo de los antiguos romanos /
_cEmil Nack y Wilhelm Wagner ; traducción del alemán por Juan Godo Costa.
260 _aBarcelona [etc.] :
_bLabor,
_c1960.
300 _a627 p. 1 lám I-LXII . 3 map. col. pleg. :
_bil ;
_c22 cm.
700 1 _aWagner, Wilhelm.
_9115855
700 1 _aGodo Costa, Juan.
_957532
852 _aES-MaACL
_jC-18325
_bR.46216
999 _c110925
_d110925